| 000 | 00518 a2200157 4500 | ||
|---|---|---|---|
| 999 |
_c6841 _d6841 |
||
| 020 | _a0385470444 | ||
| 050 | _aB 72 COP 1993 | ||
| 100 |
_aCopleston, Frederick, S.J. _eauthor |
||
| 245 |
_aA history of philosophy: _bmodern philosophy: from the post-Kantian idealists to Marx, Kierkegaard, and Nietzsche/ _cFrederick Copleston, S.J. |
||
| 264 |
_aNew York: _bImages Books, _c1993 |
||
| 300 | _a464p.: | ||
| 440 | _aVolume iii | ||
| 500 | _aIncludes index | ||
| 650 |
_aPhilosophy _xHistory |
||
| 942 |
_2lcc _cBK _h72 _iCOP _kB |
||